Statistics for WWE Royal Rumble Winners

Click here to take the quiz!

General Stats

  • This quiz has been taken 35 times
  • The average score is 18 of 30

Answer Stats

Hint Answer % Correct
2017Randy Orton
100%
2016Triple H
93%
2015Roman Reigns
90%
2013John Cena
72%
2008John Cena
69%
2010Edge
69%
2009Randy Orton
69%
2011Alberto Del Rio
69%
2014Batista
66%
2012Sheamus
66%
2001Steve Austin
66%
1998Steve Austin
62%
2006Rey Mysterio
62%
2000The Rock
59%
2002Triple H
59%
2005Batista
59%
1997Steve Austin
59%
2004Chris Benoit
59%
2003Brock Lesnar
55%
2007Undertaker
55%
1999Mr McMahon
55%
1988Jim Duggan
52%
1996Shawn Michaels
52%
1990Hulk Hogan
48%
1991Hulk Hogan
48%
1992Ric Flair
48%
1995Shawn Michaels
48%
1989Big John Studd
48%
1993Yokozuna
45%
1994Bret Hart & Lex Luger
41%

Score Distribution

Percentile by Number Answered

Percent of People with Each Score

Your Score History

You have not taken this quiz